[Event "BCF-chT3 0607 (4NCL)"]
[Site "Sunningdale"]
[Date "2006.09.17"]
[Round "2.3"]
[White "James, Stephen B"]
[Black "MacDonald Ross, Michael"]
[Result "1/2-1/2"]
[WhiteElo "2046"]
[BlackElo "2160"]
[PlyCount "41"]
[EventDate "2006.09.16"]
[EventType "team"]
[EventRounds "11"]
[EventCountry "ENG"]
[SourceTitle "CBM 115 Extra"]
[Source "ChessBase"]
[SourceDate "2007.01.10"]
[SourceVersion "1"]
[SourceVersionDate "2007.01.10"]
[SourceQuality "1"]
[WhiteTeam "Mindsports"]
[BlackTeam "FCA Solutions"]
[WhiteTeamCountry "ENG"]
[BlackTeamCountry "ENG"]

1. e4 c6 2. d4 d5 3. exd5 cxd5 4. c4 Nf6 5. Nc3 e6 6. Nf3 Bb4 7. cxd5 Nxd5 8. Qc2 Qc7 9. Bd2 Nc6 10. Nxd5 Bxd2+ 11. Qxd2 exd5 12. Rc1 Qe7+ 13. Be2 0-0 14. 0-0 Qf6 15. h3 Bf5 16. Qf4 Rfe8 17. Rfe1 Re4 18. Qc7 Re7 19. Qf4 Re4 20. Qc7 Re7 21. Qf4 1/2-1/2

[Event "Budapest FS05 IM-B"]
[Site "Budapest"]
[Date "2006.05.09"]
[Round "4"]
[White "Mihok, Oliver"]
[Black "MacDonald Ross, Michael"]
[Result "1-0"]
[WhiteElo "2215"]
[BlackElo "2198"]
[PlyCount "59"]
[EventDate "2006.05.06"]
[EventType "tourn"]
[EventRounds "9"]
[EventCountry "HUN"]
[EventCategory "1"]
[SourceTitle "CBM 112 Extra"]
[Source "ChessBase"]
[SourceDate "2006.07.14"]
[SourceVersion "1"]
[SourceVersionDate "2006.07.14"]
[SourceQuality "1"]

1. e4 c6 2. d4 d5 3. exd5 cxd5 4. c4 Nf6 5. Nc3 e6 6. Nf3 Bb4 7. cxd5 Nxd5 8. Bd2 Nc6 9. Bd3 0-0 10. a3 Be7 11. h4 Nf6 12. Bg5 b6 13. Bxf6 Bxf6 14. Bxh7+ Kxh7 15. Ng5+ Kh6 16. Qc1 Bxg5 17. hxg5+ Kg6 18. Qc2+ f5 19. gxf6+ Kxf6 20. Ne4+ Ke7 21. Qxc6 Ba6 22. Rh7 Rg8 23. Ng5 Qc8 24. Rc1 Bb7 25. Qc7+ Qxc7 26. Rxc7+ Kf6 27. Rxb7 Kxg5 28. Rhxg7+ Rxg7 29. Rxg7+ Kf6 30. Rd7 1-0

[Event "Budapest FS05 IM-B"]
[Site "Budapest"]
[Date "2006.05.08"]
[Round "3"]
[White "MacDonald Ross, Michael"]
[Black "Schneider Zinner, Harald"]
[Result "0-1"]
[WhiteElo "2198"]
[BlackElo "2388"]
[PlyCount "70"]
[EventDate "2006.05.06"]
[EventType "tourn"]
[EventRounds "9"]
[EventCountry "HUN"]
[EventCategory "1"]
[SourceTitle "CBM 112 Extra"]
[Source "ChessBase"]
[SourceDate "2006.07.14"]
[SourceVersion "1"]
[SourceVersionDate "2006.07.14"]
[SourceQuality "1"]

1. d4 Nf6 2. Nf3 e6 3. e3 b6 4. Bd3 Bb7 5. 0-0 g6 6. b3 Bg7 7. Bb2 0-0 8. Nbd2 c5 9. Qe2 Nc6 10. a3 Nh5 11. Ba6 Bxa6 12. Qxa6 cxd4 13. exd4 d5 14. Rfe1 Rc8 15. g3 Rc7 16. Re2 Qc8 17. Qd3 Rd8 18. Nf1 Nf6 19. Rd1 Na5 20. Ne5 Nd7 21. Ne3 Nf8 22. h4 h5 23. f4 Nb7 24. Kh2 Nd6 25. a4 Nh7 26. Rc1 Nf6 27. c4 dxc4 28. bxc4 Qb7 29. Rec2 Nf5 30. Nxf5 gxf5 31. d5 exd5 32. cxd5 Rxc2+ 33. Rxc2 Qxd5 34. Qxd5 Rxd5 35. Kg2 Ng4 0-1

[Event "BCF-chT3 0506 (4NCL)"]
[Site "Birmingham"]
[Date "2006.01.15"]
[Round "6.2"]
[White "MacDonald Ross, Michael"]
[Black "Khantuev, Alexander"]
[Result "0-1"]
[WhiteElo "2207"]
[BlackElo "2302"]
[PlyCount "72"]
[EventDate "2005.10.22"]
[EventType "team"]
[EventRounds "11"]
[EventCountry "ENG"]
[SourceTitle "EXT 2007"]
[Source "ChessBase"]
[SourceDate "2006.11.23"]
[SourceVersion "1"]
[SourceVersionDate "2006.11.23"]
[SourceQuality "1"]
[WhiteTeam "FCA Solutions"]
[BlackTeam "Kings Head"]
[WhiteTeamCountry "ENG"]
[BlackTeamCountry "ENG"]

1. d4 Nf6 2. Nf3 e6 3. e3 c5 4. Bd3 b6 5. c4 Bb7 6. 0-0 Be7 7. Nc3 a6 8. b3 0-0 9. Bb2 cxd4 10. exd4 d5 11. Qe2 Nc6 12. Rad1 Re8 13. Rfe1 Bf8 14. Qe3 Ne7 15. Ne5 Qc7 16. Rc1 dxc4 17. bxc4 Ng6 18. f4 Rad8 19. Nb1 Nh4 20. Re2 Nf5 21. Bxf5 exf5 22. Qh3 Ng4 23. Rd2 Be4 24. Nc3 Nxe5 25. fxe5 Rxe5 26. Nd5 Rexd5 27. cxd5 Qd7 28. Ba3 Bxd5 29. Bxf8 Rxf8 30. Qg3 Re8 31. Qc7 Qb5 32. Qd6 h6 33. Qf4 Qb4 34. Rdd1 g6 35. Qxh6 Qb2 36. Qd2 Re1+ 0-1

[Event "BCF-chT3 0506 (4NCL)"]
[Site "Birmingham"]
[Date "2005.11.19"]
[Round "3.2"]
[White "Tavoularis, Nicholas"]
[Black "MacDonald Ross, Michael"]
[Result "0-1"]
[WhiteElo "2211"]
[BlackElo "2233"]
[PlyCount "58"]
[EventDate "2005.10.22"]
[EventType "team"]
[EventRounds "11"]
[EventCountry "ENG"]
[SourceTitle "EXT 2007"]
[Source "ChessBase"]
[SourceDate "2006.11.23"]
[SourceVersion "1"]
[SourceVersionDate "2006.11.23"]
[SourceQuality "1"]
[WhiteTeam "Hilsmark Coventry"]
[BlackTeam "FCA Solutions"]
[WhiteTeamCountry "ENG"]
[BlackTeamCountry "ENG"]

1. Nf3 Nf6 2. g3 d5 3. Bg2 c6 4. d3 Bf5 5. 0-0 e6 6. Nbd2 Be7 7. c3 h6 8. Qe1 0-0 9. Nh4 Bh7 10. f4 Qb6+ 11. d4 c5 12. e3 Bd3 13. Rf3 g5 14. fxg5 hxg5 15. e4 Bxe4 16. Rxf6 Bxf6 17. Nxe4 dxe4 18. Qxe4 cxd4 19. Nf3 dxc3+ 20. Be3 cxb2 21. Rf1 Qb5 22. Nd2 Qe5 23. Qf3 Nc6 24. Qf2 Qxe3 25. Qxe3 Bd4 26. Qxd4 Nxd4 27. Bxb7 Rab8 28. Be4 Rfc8 29. Nb1 Rc1 0-1